000
003140000a22001450004500
003
MACL
040
_a
MACL
090
_c
6817
_d
6816
100
_a
Sinha, Ramesh Chandra
245
_a
Concept of Reason and Intuition
260
_b
Janki Prakashan
_c
1981
350
_a
65
650
_a
philosophy
942
_c
BOOK
_k
100
999
_c
6769
_d
6769